| 000 | 00796cab a2200229 4500 | ||
|---|---|---|---|
| 001 | ABS37927 | ||
| 008 | 090401t1987 xxu||||| |||| 00| 0 eng d | ||
| 035 | _a(Sirsi) u7658 | ||
| 041 | _aeng | ||
| 110 |
_aAnthony Williams and Partners _93 |
||
| 245 | _aFirecrest Housing Hampstead , London | ||
| 260 | _c1987 | ||
| 350 | _a0 | ||
| 490 |
_aBuilding _v252(28) 10 July 1987, 55-62(80 |
||
| 520 | _aBuilding dossier on the Firecrest Development, a private housing scheme at Hampstead Heath. Includes contract and materials information and reports from the architects and contractor. Photos. Plans. | ||
| 650 | _aBICKERDIKE ALLEN SIMOVIC | ||
| 650 | _aBOVIS CONSTRUCTION LIMITED | ||
| 650 | _aFIRECREST | ||
| 690 | _aBUILDING AND CONSTRUCTION-PROJECTS | ||
| 942 | _n0 | ||
| 948 | _c04/03/1997 | ||
| 999 |
_c4656 _d4656 |
||